Happy dreamer / by Peter H. Reynolds.
A "dreamer maximus" describes the many ways one can dream, and the importance of being a happy dreamer.
Record details
- ISBN: 9780545865012
- ISBN: 0545865018
- Physical Description: 1 volume (unpaged) : colour illustrations ; 22 x 24 cm.
- Edition: First edition.
- Publisher: New York : Orchard Books, an imprint of Scholastic Inc., ©2017.
Content descriptions
| Target Audience Note: | Ages 4-8. |
Search for related items by subject
| Subject: | Creative ability > Juvenile fiction. Imagination > Juvenile fiction. Individuality > Juvenile fiction. |
| Genre: | Picture books for children. |
Available copies
- 1 of 1 copy available at scottsboropl.
Holds
- 0 current holds with 1 total copy.
Show Only Available Copies
| Location | Call Number / Copy Notes | Barcode | Shelving Location | Status | Due Date |
|---|---|---|---|---|---|
| scottsboropl | E Rey | 32269001038366 | Juvenile - Easy | Available | - |
| LDR | 01399nam a22003858i 4500 | ||
|---|---|---|---|
| 001 | 145139 | ||
| 003 | CONS | ||
| 005 | 20180118095740.0 | ||
| 007 | ta | ||
| 008 | 160428s2017 nyua b 000 1 eng | ||
| 010 | . | ‡a 2016016853 | |
| 020 | . | ‡a9780545865012 ‡q(hardcover) | |
| 020 | . | ‡a0545865018 ‡q(hardcover) | |
| 035 | . | ‡a(CPomAG)LMN603231 | |
| 042 | . | ‡apcc ‡alcac | |
| 050 | 0 | 0. | ‡aPZ7.R337645 ‡bHap 2017 |
| 082 | 0 | 0. | ‡a[E] ‡223 |
| 100 | 1 | . | ‡aReynolds, Peter H. ‡q(Peter Hamilton), ‡d1961- ‡eauthor, ‡eillustrator. |
| 245 | 1 | 0. | ‡aHappy dreamer / ‡cby Peter H. Reynolds. |
| 250 | . | ‡aFirst edition. | |
| 264 | 1. | ‡aNew York : ‡bOrchard Books, an imprint of Scholastic Inc., ‡c©2017. | |
| 300 | . | ‡a1 volume (unpaged) : ‡bcolour illustrations ; ‡c22 x 24 cm. | |
| 336 | . | ‡atext ‡btxt ‡2rdacontent | |
| 336 | . | ‡astill image ‡bsti ‡2rdacontent | |
| 337 | . | ‡aunmediated ‡bn ‡2rdamedia | |
| 338 | . | ‡avolume ‡bnc ‡2rdacarrier | |
| 520 | . | ‡aA "dreamer maximus" describes the many ways one can dream, and the importance of being a happy dreamer. | |
| 521 | 1 | . | ‡aAges 4-8. |
| 650 | 0. | ‡aCreative ability ‡vJuvenile fiction. | |
| 650 | 0. | ‡aImagination ‡vJuvenile fiction. | |
| 650 | 0. | ‡aIndividuality ‡vJuvenile fiction. | |
| 655 | 7. | ‡aPicture books for children. ‡2lcgft | |
| 914 | . | ‡aSCP_kt | |
| 959 | . | ‡i32269001038366 ‡lE Rey ‡aJuvenile - Easy ‡tEasy ‡g18.00 | |
| 852 | . | ‡p32269001038366 ‡jE Rey ‡gJuvenile - Easy ‡cEasy ‡y18.00 ‡bSBPL | |
| 901 | . | ‡a145139 ‡bUnknown ‡c145139 ‡tbiblio | |